| 000 | 00394nam a2200169Ia 4500 | ||
|---|---|---|---|
| 008 | 230524s9999 xx 000 0 und d | ||
| 020 | _a8187224096 | ||
| 082 |
_a547 _bGUR |
||
| 100 | _aGurudeep Raj | ||
| 245 | 0 | _aAdvance Physical Chemistry | |
| 250 | _a20TH | ||
| 260 |
_aMEERUT _bKrishna _c2005 |
||
| 300 | _aIV;1474 | ||
| 500 | _aQuantity Number: 6 | ||
| 650 | _aChemistry | ||
| 942 | _cBK | ||
| 999 |
_c1501 _d1501 |
||